Time for english. Inglés 6§ básico: texto para el estudiante
Uloženo v:
| Hlavní autoři: | , , |
|---|---|
| Médium: | Kniha |
| Jazyk: | španělština |
| Vydáno: |
Santiago
Cal y Canto
2003
|
| Vydání: | 1a. ed |
| Témata: | |
| Tagy: |
Přidat tag
Žádné tagy, Buďte první, kdo vytvoří štítek k tomuto záznamu!
|
MARC
| LEADER | 00000nam a2200000 a 4500 | ||
|---|---|---|---|
| 001 | UCJ0226 | ||
| 003 | CL-VaPUC | ||
| 008 | 060707e20030000CL |||||||||||||||||spa|d | ||
| 020 | |a 9567602557 | ||
| 082 | 0 | 4 | |a 372.6521 |b LOB |2 21 |
| 100 | |a Lobo V., María José |e autora |9 611957 | ||
| 700 | 0 | |a Subirà T., Pepita |e author |9 500327 | |
| 700 | 0 | |a Manonellas B., Ana |e author |9 500328 | |
| 245 | 1 | 0 | |a Time for english. Inglés 6§ básico: texto para el estudiante |
| 250 | |a 1a. ed | ||
| 300 | |a 80 p | ||
| 942 | |c BK | ||
| 945 | |d 20060707 00:00:00 |a jtorresc | ||
| 260 | |a Santiago |b Cal y Canto |c 2003 | ||
| 650 | 0 | |a Enseñanza del inglés |9 367340 | |
| 650 | 0 | |a Lengua inglesa |9 318842 | |
| 650 | 0 | |a Educación básica |9 224933 | |
| 650 | 0 | |a Libros de texto |9 270019 | |
| 583 | |a last modification |c 20130305 02:41:08 |k Rodrigo Vera | ||
| 999 | |c 317152 |d 317150 | ||
| 952 | |0 0 |1 0 |4 0 |6 372_652100000000000_LOB_2003 |7 0 |8 A |9 393142 |a BIBEDU |b BIBEDU |d 2019-11-22 |i 4252500 |o 372.6521 LOB 2003 |p 4252500 |r 2019-11-22 |w 2019-11-22 |y BK |k EBA | ||
| 952 | |0 0 |1 0 |4 0 |6 372_652100000000000_LOB_2003 |7 0 |8 A |9 393143 |a BIBEDU |b BIBEDU |d 2019-11-22 |i 4252519 |o 372.6521 LOB 2003 |p 4252519 |r 2019-11-22 |w 2019-11-22 |y BK |k EBA | ||